Приключенията на Мюнхаузен (Запис номер 146214)
[ съкратено ]
| 000 -Лидер | |
|---|---|
| Контролно поле с фиксирана дължина | 01750nam a2200361 a 4500 |
| 003 - Код на организацията, давaща контролен номер | |
| Контролно поле | BLK |
| 005 - Дата и час на последна редакция | |
| Контролно поле | 20240710005459.0 |
| 008 - Елементи от данни с фиксирана дължина | |
| fixed length control field | 180410b bul|||||r ||||||| ||bul|| |
| 010 ## - Наследен системен номер | |
| LC control number | KNG00152400000 |
| 040 ## - Източник на каталожния запис | |
| Идентификатор на билиотеката - собственик на записа | BLK |
| 041 ## - Код за език | |
| Код за езика на текст/звукозапис или на отделно заглавие | Български |
| Код за езика КДБФ | Български |
| 080 ## - УДК | |
| Текстов определител УДК | Немска литература |
| УДК код - определител по УДК | 821.112.2 |
| УДК определител | -93-32 |
| УДК - код + определител | 821.112.2-93-32 |
| 100 1# - Редна дума - Автор | |
| Автор | Распе, Рудолф Ерих |
| Авторска отговорност | първи автор |
| R(LIN) | 115325 |
| 139 ## - Редно поле | |
| Редна дума | Распе, Рудолф Ерих |
| Авторски знак | Рас - Р 38 |
| 245 10 - Сведения за заглавието | |
| Заглавие | Приключенията на Мюнхаузен |
| Подзаглавни данни | За нач. и средна училищна възраст |
| Редно поле (дума) | Рудолф Ерих Распе; преразк. Ангел Иванов Каралийчев; ил. Гюстав Доре. |
| 250 ## - Област на изданието | |
| Сведения за изданието | 3. изд. |
| 257 ## - Страна на издаване | |
| Страна на създаване/издаване | Германия |
| 260 ## - Област на издателските данни | |
| Място на издаване, разпространение и проч. | София |
| Име на издателя, разпространителя и проч. | Нар. младеж |
| Година на издаване | 1962 |
| Печатница | София : ДПК Д. Благоев |
| 300 ## - Физическа характеристика | |
| Страници | 124 с. |
| Илюстрации и др. | с ил. |
| Размери/Мащаб | 19 см |
| 380 ## - Жанр | |
| Жанр | Детска худож. лит. |
| 500 ## - Общи забележки | |
| Забележка | 1. изд. 1933. - 2. изд. прев. от А. Каралийчев 1949, 147 с.,10 000 тир. - 3. изд. на изд. Нар. просвета 1955, 135 с. със сер. бел. Пътешествия и приключения, 15 000 тир. - 20 100 тир. |
| 653 ## - Ключова дума – ненормативна | |
| Ключова дума | детска литература |
| 653 ## - Ключова дума – ненормативна | |
| Ключова дума | немска литература |
| 700 1# - Други автори (авторска отговорност) | |
| Лично име | Каралийчев, Ангел Иванов |
| Дати, свързани с автора | 1902-1972 |
| Автороска отговорност (Описва отношението между автора и произведението) | преразк. |
| 9 (RLIN) | 76702 |
| 700 1# - Други автори (авторска отговорност) | |
| Лично име | Доре, Гюстав |
| Автороска отговорност (Описва отношението между автора и произведението) | ил. |
| 9 (RLIN) | 64690 |
| 852 ## - Местоположение | |
| Форматна сигнатура | Цб 22064 |
| Фондова буква | Хранилище |
| 856 4# - Електронен адрес и достъп | |
| Електронен формат | pdf - файл |
| 856 4# - Електронен адрес и достъп | |
| Електронен формат | pdf - файл |
| 999 ## - СИСТЕМНИ КОНТРОЛНИ НОМЕРА | |
| Koha biblionumber | 146214 |
| Koha biblioitemnumber | 146214 |
| 942 ## - АРТИКУЛИ | |
| Вид на библиотечния материал | Книги |
| Скрит в OPAC | Не |
| Периодичен библиозапис | Да |
| 944 ## - СЪЗДАВАНЕ И РЕДАКЦИЯ на ЗАПИСА | |
| Създаване/Редакция | Създаване |
| Дата на регистрацията/редакция | 23.10.2013 |
| Статус, дата на статуса | CRON CRON |
| Служител, извършил регистрацията/редакцията | |
| 944 ## - СЪЗДАВАНЕ И РЕДАКЦИЯ на ЗАПИСА | |
| Създаване/Редакция | Редакция |
| Дата на регистрацията/редакция | 23.10.2013 |
| Статус, дата на статуса | 23.10.2013 - от С1,Р / 23.10.2013 |
| 999 ## - СИСТЕМНИ КОНТРОЛНИ НОМЕРА | |
| Koha biblioitemnumber | 146214 |
| Код за отписване | Код за изгубен артикул | Източник на класификационната схема | Код за повреда | Коз за рестрикции | Код за отдаване | Артикулен № | Име на библиотеката - собственик | Име на библиотеката, в която се намира в момента | Статус (Текущо местоположение) | Дата на вписване в системата | Местоположение - отдел | Цена в лева | Инвентарен номер | Систематично азбучна сигнатура | Баркод | Номер на екземпляра | Цена в евро | Служебна бележка | Служебен тип на артикула |
|---|---|---|---|---|---|---|---|---|---|---|---|---|---|---|---|---|---|---|---|
| Не е изгубен | Universal Decimal Classification | Не е повреден | само за читалня | ползва се в читалня | 242821 | Регионална библиотека "Любен Каравелов" Русе | Регионална библиотека "Любен Каравелов" Русе | Хранилище | 1962-01-01 | Хранилище | 0.37 | 7235/62 | Цб 22064 | 900000088175 | 1 | 0.19 | Дост: Dp Вид: Д N: стар фонд Дата: 01.01.1962 | Книги | |
| Изтеглен | Не е изгубен | Universal Decimal Classification | Не е повреден | без рестрикции | заемане за дома | 242822 | Регионална библиотека "Любен Каравелов" Русе | Регионална библиотека "Любен Каравелов" Русе | Заемна - подръчен фонд | 1962-01-01 | Заемна - подръчен фонд | 0.00 | 5553/62 | П 830-32/Р 38 | 5553/62 | 2 | 0.00 | Дост: Pk Вид: Ф N: стар фонд Дата: 01.01.1962 | Книги |
| Изтеглен | Не е изгубен | Universal Decimal Classification | Не е повреден | без рестрикции | заемане за дома | 242823 | Регионална библиотека "Любен Каравелов" Русе | Регионална библиотека "Любен Каравелов" Русе | Заемна - подръчен фонд | 1962-01-01 | Заемна - подръчен фонд | 0.00 | 5555/62 | П 830-32/Р 38 | 5555/62 | 3 | 0.00 | Дост: Pk Вид: Ф N: стар фонд Дата: 01.01.1962 | Книги |
| Изтеглен | Не е изгубен | Не е повреден | без рестрикции | заемане за дома | 242824 | Регионална библиотека "Любен Каравелов" Русе | Регионална библиотека "Любен Каравелов" Русе | Заемна - подръчен фонд | 1962-01-01 | Заемна - подръчен фонд | 0.00 | 5556/62 | П 830-32/Р 38 | 5556/62 | 4 | 0.00 | Дост: Pk Вид: Ф N: стар фонд Дата: 01.01.1962 | Книги | |
| Изтеглен | Не е изгубен | Universal Decimal Classification | Не е повреден | без рестрикции | заемане за дома | 242825 | Регионална библиотека "Любен Каравелов" Русе | Регионална библиотека "Любен Каравелов" Русе | Заемна - подръчен фонд | 1962-01-01 | Заемна - подръчен фонд | 0.00 | 5559/62 | П 830-32/Р 38 | 5559/62 | 5 | 0.00 | Дост: Pk Вид: Ф N: стар фонд Дата: 01.01.1962 | Книги |
| Изтеглен | Не е изгубен | Universal Decimal Classification | Не е повреден | без рестрикции | заемане за дома | 242826 | Регионална библиотека "Любен Каравелов" Русе | Регионална библиотека "Любен Каравелов" Русе | Заемна - подръчен фонд | 1962-01-01 | Заемна - подръчен фонд | 0.00 | 5560/62 | П 830-32/Р 38 | 5560/62 | 6 | 0.00 | Дост: Pk Вид: Ф N: стар фонд Дата: 01.01.1962 | Книги |